01488nim a2200289 a 450000500170000000800410001702000150005804000250007304100080009804400070010610000250011324500550013824600520019326000530024530000210029850501780031950501470049750500770064450500970072150501360081850500880095450500890104265000190113170000130115070000170116370000180118020191224041828.0140129b2007 ck ||||| |||| 00| 0 spa d a093802793X aCO-BoIAVHcCO-BoIAVH aspa ack aAlvarez R., Mauricio1 aGuía sonora de las aves de los Andes Colombianos aGuide to the bird sounds of the Colombian Andes aBogotábInstituto Alexander von Humboldtc2007 aincluye 7 CD-ROM aCD 1: Tinamidae, Anatidae, Cracidae, Odontophoridae, Ardeidae, Cathartidae, Pandionidae, Accipitridae, Falconidae, Rallidae, Charadriidae, Columbidae, Psittacidae, Cuculidae aCD 2: Tytonidae, Strigidae, Steatornithidae, Nyctibiidae, Caprimulgidae, Apodidae, Trochilidae, Trogonidae, Momotidae, Bucconidae, Capitonidae aCD 3: Semnornithidae, Ramphastidae, Picidae, Furnariidae, Thamnophilidae aCD 4: Thamnophilidae, Formicariidae, Grallaridae, Conopophagidae, Rhinocryptidae, Tyrannidae aCD 5: Tyrannidae, Oxyruncidae, Cotingidae, Pipridae, Incertae sedis 1, Vireonidae, Corvidae, Alaudidae, Hirundinidae, Troglodytidae aCD 6: Polioptilidae, Turdidae, Mimidae, Motacillidae, Thraupidae, Incertae sedis 2 aCD 7: Incertae sedis 2 Emberizidae, Cardinalidae, Parulidae, Icteridae, Fringillidae aCantos de Aves aCaro, V. aLaverde , O. aCuervo, A. M.